| 000 | 00786nab a2200241 u 4500 | ||
|---|---|---|---|
| 001 | 07964 | ||
| 003 | HDC | ||
| 007 | cr bn ---aaaaa | ||
| 008 | 210129c mydr|nes 0 a may d | ||
| 040 | _aHDC | ||
| 100 |
_aAzman Ibrahim _eauthor _98471 |
||
| 245 | 0 |
_aEkonomi Malaysia masih berdaya tahan/ _cby Azman Ibrahim |
|
| 260 |
_aKuala Lumpur : _bUTUSAN MALAYSIA, _c2014 |
||
| 336 |
_atext _2rdacontent |
||
| 337 |
_acomputer _2rdamedia |
||
| 338 |
_aonline resource _2rdacarrier |
||
| 650 |
_aEconomy _91877 |
||
| 650 |
_aExport industry _95987 |
||
| 856 | _zRequest full-text at [email protected] | ||
| 942 | _2lcc | ||
| 942 | _cNEWS | ||
| 942 | _kNWSC 001268 | ||
| 999 |
_c5287 _d5287 |
||